| 000 | 00687cab a2200205 4500 | ||
|---|---|---|---|
| 001 | ABS45022 | ||
| 008 | 090401t1991 xxu||||| |||| 00| 0 eng d | ||
| 035 | _a(Sirsi) u50438 | ||
| 041 | _aeng | ||
| 100 | _aLewis, M. | ||
| 245 | _aGlut, what glut? | ||
| 260 | _c1991 | ||
| 350 | _a0 | ||
| 490 |
_aAsian Property _vAugust 1991, 14-19 (6) |
||
| 520 | _aReports on fears of oversupply in the Singapore office market in the next four years. Tabulates predictions in supply and demand from 1991-95 and lists proposed office development, their location, size and year of completion. | ||
| 650 | _aOFFICES | ||
| 690 | _aOVERSEAS-REST OF THE WORLD | ||
| 942 | _n0 | ||
| 948 | _c04/03/1997 | ||
| 999 |
_c31475 _d31475 |
||